| 000 | 00660nam a2200205 u 4500 | ||
|---|---|---|---|
| 005 | 20240228064026.0 | ||
| 008 | 110923s2006 mx r 000 0 spa d | ||
| 020 | _a9700913562 | ||
| 035 | _aUPN01000181909 | ||
| 049 | _aI | ||
| 050 | 4 |
_aPZ74.3 _bM6.6 |
|
| 100 | 1 |
_aMolina, Silvia, _d1946- _929354 |
|
| 245 | 1 | 1 |
_a¡Pin pon, fuera y corre! : _brimas de elección y juegos de recreo / _cSilvia Molina ; il. de Alejandra Barba. |
| 260 |
_aMéxico : _bNorma, _c2006. |
||
| 300 |
_a85 p. : _bil. |
||
| 440 | 0 |
_aTorre de papel roja. _pA partir de 7 años |
|
| 650 | 4 |
_aRimas infantiles _910247 |
|
| 650 | 4 |
_aLibros y lectura para niños _92290 |
|
| 905 | _aInfantil | ||
| 999 |
_c154012 _d154012 |
||